Dewey Decimal Classification and Relative Index (Record no. 2625)

MARC details
000 -LEADER
fixed length control field 00386nam a2200157Ia 4500
003 - CONTROL NUMBER IDENTIFIER
control field OSt
008 - FIXED-LENGTH DATA ELEMENTS--GENERAL INFORMATION
fixed length control field 191201s2003 xx 000 0 und d
082 ## - DEWEY DECIMAL CLASSIFICATION NUMBER
Classification number 025.431
Item number DED
100 ## - MAIN ENTRY--PERSONAL NAME
Personal name DEWEY, Melvil
245 #0 - TITLE STATEMENT
Title Dewey Decimal Classification and Relative Index
250 ## - EDITION STATEMENT
Edition statement 22th
260 ## - PUBLICATION, DISTRIBUTION, ETC. (IMPRINT)
Place of publication, distribution, etc New Delhi
Name of publisher, distributor, etc Dulbin, Ohio
Date of publication, distribution, etc 2003
300 ## - PHYSICAL DESCRIPTION
Extent 928
650 ## - SUBJECT ADDED ENTRY--TOPICAL TERM
Topical term or geographic name as entry element General Books
942 ## - ADDED ENTRY ELEMENTS (KOHA)
Source of classification or shelving scheme Dewey Decimal Classification
Koha item type Text Books
Holdings
Withdrawn status Lost status Source of classification or shelving scheme Damaged status Not for loan Collection code Home library Current library Date acquired Source of acquisition Cost, normal purchase price Bill Number Total Checkouts Full call number Acc. no. / Barcode Date last seen Bill Date Koha item type
    Dewey Decimal Classification     GENERAL PIET C-LIBRARY PIET C-LIBRARY 26/03/2007 J B C, New Delhi 19346.00 848   025.431 DED 5469 04/12/2019 10/02/2006 Text Books
    Dewey Decimal Classification     GENERAL PIET C-LIBRARY PIET C-LIBRARY 26/03/2007 J B C, New Delhi 19346.00 848   025.431 DED 5470 04/12/2019 10/02/2006 Text Books
    Dewey Decimal Classification     GENERAL PIET C-LIBRARY PIET C-LIBRARY 27/03/2007 J B C, New Delhi 19347.00 848   025.431 DED 5471 04/12/2019 10/02/2006 Text Books
    Dewey Decimal Classification     GENERAL PIET C-LIBRARY PIET C-LIBRARY 07/06/2007 J B C, New Delhi 19346.00 848   025.431 DED 5472 04/12/2019 10/02/2006 Text Books

Design & Developed by: PIET Central Library
R70 Miles Stone Pattikalyana Samalkha Panipat 132102
mail ID :- [email protected], Phone No:- 0180-2569700 Ex.216